2021 NCAA Men's Basketball All-Conference 3rd Teams - Statistics

General Stats
  • This quiz has been taken 5 times
  • The average score is 19 of 105
Answer Stats
Conference Player College % Correct
Big 12 Rasir Bolton Iowa State
67%
Big 10 Ron Harper Jr. Rutgers
67%
Big 10 Aaron Henry Michigan State
33%
Mountain West A.J. Walker Air Force
33%
Big Sky Amin Adamu Montana State
33%
ACC Armando Bacot North Carolina
33%
MVC Austin Phyfe Northern Iowa
33%
America East Austin Williams Hartford
33%
MVC Ben Krikke Valparaiso
33%
MAC Ben Vander Plas Ohio
33%
Big Sky Bodie Hume Northern Colorado
33%
AAC Brandon Mahan UCF
33%
C-USA Bryson Williams UTEP
33%
Big 12 Courtney Ramey Texas
33%
MAC Dae Dae Grant Miami (OH)
33%
AAC Darius Perry UCF
33%
Mountain West Desmond Cambridge Jr. Nevada
33%
Big 10 D'Mitrik Trice Wisconsin
33%
Big 10 Duane Washington Jr. Ohio State
33%
MAC Dwight Wilson III Ohio
33%
NEC Elyjah Williams Fairleigh Dickinson
33%
A-10 Fatts Russell Rhode Island
33%
Patriot Gerrale Gates Holy Cross
33%
A-10 Grant Golden Richmond
33%
ACC Isaiah Wong Miami
33%
SoCon Jake Stephens VMI
33%
A-10 Jamison Battle George Washington
33%
AAC Jaylen Forbes Tulane
33%
A-10 Jordan Miller George Mason
33%
NEC Jordan Minor Merrimack
33%
America East Juan Felix Rodriguez Stony Brook
33%
Big Sky Jubrile Belo Montana State
33%
C-USA Kenneth Lofton Jr. Louisiana Tech
33%
Southland Kevin Johnson Nicholls
33%
AAC Khalif Battle Temple
33%
MEAC Koby Thomas Coppin State
33%
MVC Lance Jones Southern Illinois
33%
Big 12 MaCio Teague Baylor
33%
Big 10 Marcus Carr Minnesota
33%
Mountain West Marcus Williams Wyoming
33%
SoCon Mason Faulkner Western Carolina
33%
Big Sky Matt Johnson Northern Colorado
33%
Sun Belt Michael Almonacy Appalachian State
33%
SoCon Neftali Alvarez Mercer
33%
MEAC Nendah Tarke Coppin State
33%
C-USA Quincy Olivari Rice
33%
Big 12 RJ Nembhard TCU
33%
Sun Belt Ruot Monyyong Little Rock
33%
ACC Scottie Barnes Florida State
33%
C-USA Souley Boum UTEP
33%
Big Sky Tarik Cool Idaho State
33%
Horizon Te'Jon Lucas Milwaukee
33%
A-10 Vince Williams Jr. VCU
33%
America East Zach Cooks NJIT
33%
Sun Belt Adrian Delph Appalachian State
0%
MVC Aher Uguak Loyola-Chicago
0%
AAC Alterique Gilbert Wichita State
0%
MAAC Anthony Nelson Manhattan
0%
America East Brenton Mills Binghamton
0%
Horizon Bul Kuol Detroit Mercy
0%
Sun Belt Caleb Asberry Texas State
0%
SoCon Clay Mounce Furman
0%
Southland Coryon Mason Abilene Christian
0%
MAC Daeqwon Plowden Bowling Green
0%
Horizon Daniel Oladapo Oakland
0%
MAAC Daryl Banks III Saint Peter's
0%
Mountain West David Jenkins Jr. UNLV
0%
MVC DJ Horne Illinois State
0%
Sun Belt Eliel Nsoseme Georgia State
0%
AAC Feron Hunt SMU
0%
A-10 Ibi Watson Dayton
0%
C-USA Isaiah Crawford Louisiana Tech
0%
CAA James Butler Drexel
0%
Horizon Jarred Godfrey Purdue Fort Wayne
0%
MEAC Joe Bryant Jr. Norfolk State
0%
Patriot John Meeks Bucknell
0%
MAAC Jordan King Siena
0%
SoCon Kaiden Rice The Citadel
0%
Mountain West Makuach Maluach New Mexico
0%
MAAC Malek Green Canisius
0%
Horizon Marques Warrick Northern Kentucky
0%
Patriot Marques Wilson Lehigh
0%
Big 12 Matt Coleman III Texas
0%
MAAC Melik Martin Monmouth
0%
MAC Mike Nuga Kent State
0%
CAA Mike Okauru UNC Wilmington
0%
NEC Mikey Watkins Merrimack
0%
America East Mouhamadou Gueye Stony Brook
0%
Southland Najee Garvin Nicholls
0%
MEAC Pinky Wiley Delaware State
0%
ACC Prentiss Hubb Notre Dame
0%
ACC Quincy Guerrier Syracuse
0%
MEAC Rahsaan Edwards South Carolina State
0%
ACC RaiQuan Gray Florida State
0%
NEC Ramiir Dixon-Conover St. Francis (PA)
0%
Southland Roti Ware Stephen F. Austin
0%
CAA Ryan Allen Delaware
0%
Southland Rylan Bergersen Central Arkansas
0%
CAA Tareq Coburn Hofstra
0%
Big 12 Terrence Shannon Jr. Texas Tech
0%
NEC Travis Atson St. Francis (BKN)
0%
Patriot Tucker Richardson Colgate
0%
CAA Vado Morse James Madison
0%
Patriot Walter Whyte Boston University
0%
MAAC Warren Williams Manhattan
0%
No matching quizzes found
Score Distribution
Percent of People with Each Score
Percentile by Number Answered
Your Score History
You have not taken this quiz